000 01496cam a2200241 4500
001 ABS64186
008 000000n2001 000 0 eng u
035 _a(Sirsi) u113235
245 _aMarkfield Investments Ltd v Evans
260 _c2001
490 _aProperty and Compensation Reports
_v[2001] 81 P&CR 473-478(5)
520 _aCA 9 November 2000. In response to a claim for possession of a property by the appellant (M) in 1999 the respondent (E) claimed to have been in continuous and exclusive possession since 1977, thus barring M's action under the Limitation Act 1990. M claimed that the property was vacant in 1978/79 and argued that a claim for possession brought by M's predecessor in title in 1990 but dismissed for want of prosecution in 1999 stopped 'time running' in favour of E's claim to adverse possession. The CA upheld the CC ruling that the issue of a writ did not prevent 'time running' and dismissed the appeal. Copy of the judgement available at http://porch.ccta.gov.uk/courtser/judgements.nsf/Search/400BA8DD898E8CEF80256992004A4BF4?OpenDocument
590 _aABS
650 _aADVERSE POSSESSION
650 _aLAND REGISTRATION ACT 1925
650 _aLIMITATION ACT 1990
650 _aMARKFIELD INVESTMENTS LTD V EVANS
650 _aPOSSESSION
650 _aPOSSESSION CLAIMS
690 _aPROPERTY AND LAND LAW-CASE LAW
856 _uhttps://porch.ccta.gov.uk/courtser/judgements.nsf/Search/400BA8DD898E8CEF80256992004A4BF4?OpenDocument
942 _n0
999 _c67441
_d67441